000
00294nam a22001337a 4500
008
190226b xxu||||| |||| 00| 0 eng d
020
_a
57603
041
_a
eng
080
_a
159.9
100
_a
49
101
_a
PSI
245
_a
Interpersonal Communiation
_c
Vandemark, J.F
942
_2
udc
_c
BK
999
_c
54271
_d
54271